| 000 | 00655nam a2200181 a 4500 | ||
|---|---|---|---|
| 005 | 20210223122308.0 | ||
| 008 | 991125s1995 mx 000 0 spa u | ||
| 035 | _aUPN01000032834 | ||
| 049 | _aSEP | ||
| 050 | 4 |
_aS616 M6 _bC3.4 |
|
| 100 | 1 | _aCastañeda González, Rocío | |
| 245 | 1 | 0 |
_aIrrigación y reforma agraria : _blas comunidades de riego del Valle de Santa Rosalía, Chihuahua, 1920-1950 / _cRocío Castañeda González. |
| 260 |
_aMéxico : _bCIESAS : _bComisión Nacional del Agua, _c1995. |
||
| 300 |
_a166 p. : _bil. |
||
| 650 | 4 |
_aIRRIGACION - _zCHIHUAHUA _924451 |
|
| 650 | 4 |
_aIRRIGACION - _zVALLE DE SANTA ROSALIA, CHIHUAHUA |
|
| 905 | _aLibro | ||
| 999 |
_c32834 _d32834 |
||